| 000 | 00483nam a22001697a 4500 | ||
|---|---|---|---|
| 005 | 20240624083702.0 | ||
| 008 | 240624b |||||||| |||| 00| 0 eng d | ||
| 041 | _aEnglish | ||
| 082 | _a349 HAL | ||
| 100 | _lEnglish | ||
| 245 | _aHalsbury's Laws of England | ||
| 250 | _aThird Edition | ||
| 260 |
_aLondon: _bButterworth and Co. Publishers Ltd, _c1952 |
||
| 300 |
_b799 pages; _c25 cm. |
||
| 650 |
_aLegal practice _bLaw |
||
| 942 |
_cBK _6ALISON_BN_VRIES |
||
| 999 |
_c2022 _d2022 |
||